[Event "Bunratty Online"]
[Site "Chess.com INT"]
[Date "2021.02.20"]
[Round "5"]
[White "O'Neill, Paul Sean"]
[Black "Doluhanova, Evgeniya"]
[Result "0-1"]
[WhiteElo "1974"]
[BlackElo "2212"]
[PlyCount "82"]
[EventDate "2021.02.20"]
[EventType "swiss (blitz)"]
[EventRounds "9"]
[EventCountry "IRL"]
[SourceTitle "CBM 200 Extra"]
[Source "ChessBase"]
[SourceDate "2021.03.31"]
[SourceVersion "1"]
[SourceVersionDate "2021.03.31"]
[SourceQuality "1"]

1. d4 Nf6 2. g3 d5 3. Bg2 c6 4. Nf3 Bg4 5. 0-0 e6 6. a4 Nbd7 7. a5 Bd6 8. c4 0-0 9. Qb3 Qc7 10. Nc3 a6 11. Bd2 Ne4 12. Qc2 Nxd2 13. Nxd2 f5 14. e3 Nf6 15. Rfc1 Qf7 16. Na4 Qh5 17. Nf1 Bh3 18. Qb3 Rf7 19. cxd5 exd5 20. Nc5 Ne4 21. Qc2 Bxg2 22. Kxg2 Ng5 23. h4 Qf3+ 24. Kh2 Ne4 25. Nxe4 fxe4 26. Kg1 Raf8 27. Rab1 Qg4 28. Nh2 Qh3 29. Rf1 h6 30. Qe2 Rf3 31. b4 g5 32. Rb2 gxh4 33. gxh4 Kh7 34. Kh1 Rg8 35. Rg1 Rxg1+ 36. Kxg1 Rf6 37. Nf1 Rg6+ 38. Ng3 Bxg3 39. fxg3 Rxg3+ 40. Qg2 Rxg2+ 41. Rxg2 Qxe3+ 0-1

[Event "IRL-ch"]
[Site "Dublin"]
[Date "2018.08.05"]
[Round "2"]
[White "Melaugh, Shanemelaugh"]
[Black "O'Neill, Paul Sean"]
[Result "0-1"]
[WhiteElo "2086"]
[BlackElo "1985"]
[PlyCount "74"]
[EventDate "2018.08.04"]
[EventType "swiss"]
[EventRounds "9"]
[EventCountry "IRL"]
[SourceTitle "CBM 185 Extra"]
[Source "ChessBase"]
[SourceDate "2018.07.29"]
[SourceVersion "1"]
[SourceVersionDate "2018.07.29"]
[SourceQuality "1"]

1. c4 c5 2. Nc3 g6 3. g3 Bg7 4. Bg2 Nc6 5. e3 e5 6. Nge2 Nge7 7. 0-0 0-0 8. a3 d6 9. d3 Be6 10. Nd5 Qd7 11. Re1 Bh3 12. Nxe7+ Nxe7 13. Bh1 Rac8 14. Nc3 f5 15. Rb1 g5 16. Qh5 Bg4 17. Qxg5 h6 18. Qxg7+ Kxg7 19. b4 b6 20. f4 h5 21. h4 cxb4 22. axb4 e4 23. dxe4 Rxc4 24. Bb2 Kh7 25. exf5 Nxf5 26. Bd5 Rxb4 27. Ne4 Qb5 28. Ng5+ Kh6 29. e4 Rxb2 30. Rxb2 Qxb2 31. exf5 Qd4+ 32. Kf1 Qxd5 33. Re6+ Qxe6 34. fxe6 Re8 35. Nf7+ Kg7 36. Nxd6 Rxe6 37. Nb5 a5 0-1

[Event "IRL-ch"]
[Site "Dublin"]
[Date "2016.07.07"]
[Round "6"]
[White "O'Neill, Paul Sean"]
[Black "Daly, Colm"]
[Result "0-1"]
[WhiteElo "1784"]
[BlackElo "2334"]
[PlyCount "104"]
[EventDate "2016.07.02"]
[EventType "swiss"]
[EventRounds "9"]
[EventCountry "IRL"]
[SourceTitle "CBM 173 Extra"]
[Source "ChessBase"]
[SourceDate "2016.08.29"]
[SourceVersion "1"]
[SourceVersionDate "2016.08.29"]
[SourceQuality "1"]

1. e4 c5 2. Nf3 e6 3. d4 cxd4 4. Nxd4 a6 5. g3 Nf6 6. Bg2 Qc7 7. 0-0 d6 8. Be3 Bd7 9. Nd2 Nc6 10. c3 Be7 11. f4 Rc8 12. N2b3 0-0 13. g4 d5 14. e5 Ne4 15. g5 Nxd4 16. Nxd4 g6 17. Rf3 Kg7 18. Qe1 Rh8 19. h4 h5 20. gxh6+ Rxh6 21. f5 exf5 22. Bxh6+ Kxh6 23. Qe3+ Kg7 24. Qf4 Qb6 25. Raf1 Bc5 26. Rd3 Bb5 27. Bxe4 dxe4 28. Rd2 Bxf1 29. Kxf1 Bxd4 30. Rxd4 Qxb2 31. Qg5 Qa1+ 32. Kg2 Qxa2+ 33. Rd2 Qe6 34. h5 Rh8 35. hxg6 Qxg6 36. Qxg6+ Kxg6 37. Rd6+ Kg5 38. Rd7 Re8 39. Rxf7 b5 40. Rf6 Rxe5 41. Rxa6 Rc5 42. Rb6 Kf4 43. Kf2 Ke5 44. Rb8 Kf4 45. Rb7 Rxc3 46. Rxb5 Rc2+ 47. Ke1 e3 48. Ra5 Ke4 49. Kd1 Rd2+ 50. Ke1 f4 51. Rh5 Ra2 52. Rh8 Ra1+ 0-1

[Event "IRL-ch"]
[Site "Dublin"]
[Date "2016.07.02"]
[Round "1.6"]
[White "Butler, Kevin J"]
[Black "O'Neill, Paul Sean"]
[Result "1-0"]
[WhiteElo "2042"]
[BlackElo "1784"]
[PlyCount "149"]
[EventDate "2016.07.02"]
[EventType "swiss"]
[EventRounds "9"]
[EventCountry "IRL"]
[SourceTitle "EXT 2023"]
[Source "ChessBase"]
[SourceDate "2022.10.05"]
[SourceVersion "1"]
[SourceVersionDate "2022.10.05"]
[SourceQuality "1"]

1. e4 c5 2. Nf3 d6 3. d4 cxd4 4. Nxd4 Nf6 5. Nc3 a6 6. a4 g6 7. Be2 Bg7 8. 0-0 Nc6 9. Be3 0-0 10. h3 d5 11. exd5 Nxd5 12. Nxd5 Qxd5 13. Bf3 Qd7 14. Nxc6 bxc6 15. Qxd7 Bxd7 16. Rad1 Bf5 17. Bxc6 Rac8 18. Bb7 Rxc2 19. b4 Rb2 20. b5 axb5 21. a5 Ra2 22. a6 Bc8 23. Rb1 Rxa6 24. Bxa6 Bxa6 25. Rfc1 Rb8 26. Rc6 Bc8 27. Rxb5 Ra8 28. Ra5 Rb8 29. Rb6 Rxb6 30. Bxb6 Be6 31. Ra8+ Bf8 32. Bc5 Kg7 33. Ra7 h5 34. Bxe7 Bxe7 35. Rxe7 Kf6 36. Ra7 Kg5 37. Kh2 Kf5 38. Ra5+ Kf6 39. h4 Kg7 40. Kg3 Kf6 41. Kf4 Bd7 42. Ra6+ Be6 43. f3 Kg7 44. Ke5 Bc4 45. Rb6 Ba2 46. f4 Bc4 47. f5 gxf5 48. Kxf5 Be2 49. Kg5 Bd1 50. Rd6 Be2 51. Rd2 Bg4 52. Rd3 f6+ 53. Kf4 Kg6 54. Rg3 f5 55. Rb3 Kf6 56. Rb6+ Kf7 57. Kg5 Kf8 58. Rb7 Kg8 59. Rb4 Kg7 60. Rxg4 fxg4 61. Kxh5 g3 62. Kg4 Kg6 63. Kxg3 Kh5 64. Kh3 Kh6 65. g4 Kg6 66. Kg3 Kf6 67. Kf4 Kg6 68. h5+ Kf6 69. g5+ Kg7 70. Kf5 Kf7 71. g6+ Kg7 72. h6+ Kg8 73. Kf6 Kh8 74. g7+ Kg8 75. h7+ 1-0

[Event "Gonzaga Masters"]
[Site "Dublin"]
[Date "2016.01.22"]
[Round "1"]
[White "Higgins, Paul"]
[Black "O'Neill, Paul Sean"]
[Result "1/2-1/2"]
[WhiteElo "1766"]
[BlackElo "1833"]
[PlyCount "51"]
[EventDate "2016.01.22"]
[EventType "swiss"]
[EventRounds "5"]
[EventCountry "IRL"]
[SourceTitle "EXT 2023"]
[Source "ChessBase"]
[SourceDate "2022.10.05"]
[SourceVersion "1"]
[SourceVersionDate "2022.10.05"]
[SourceQuality "1"]

1. c4 c5 2. g3 Nf6 3. Bg2 e6 4. Nf3 Nc6 5. 0-0 Be7 6. b3 0-0 7. Bb2 b6 8. d4 cxd4 9. Nxd4 Bb7 10. Nc3 a6 11. Na4 Qc7 12. Rc1 d6 13. Re1 Rfd8 14. e4 Rd7 15. Nc3 Qd8 16. Nxc6 Bxc6 17. Qe2 Rc8 18. Rcd1 Bf8 19. Bc1 Qc7 20. Bg5 Be7 21. Bf4 Rcd8 22. Rd3 Qb7 23. Red1 b5 24. Re3 Ne8 25. g4 Bf8 26. Bg5 1/2-1/2

[Event "EU-ch U18 25th"]
[Site "Porec"]
[Date "2015.09.29"]
[Round "8"]
[White "O'Neill, Paul Sean"]
[Black "Dogan, Mire Deniz"]
[Result "0-1"]
[WhiteElo "1892"]
[BlackElo "1946"]
[PlyCount "94"]
[EventDate "2015.09.21"]
[EventType "swiss"]
[EventRounds "9"]
[EventCountry "CRO"]
[SourceTitle "EXT 2016"]
[Source "ChessBase"]
[SourceDate "2015.10.08"]
[SourceVersion "1"]
[SourceVersionDate "2015.10.08"]
[SourceQuality "1"]

1. e4 c6 2. Nc3 d5 3. Nf3 Bg4 4. h3 Bxf3 5. Qxf3 Nf6 6. exd5 cxd5 7. d4 Nc6 8. Be3 e6 9. a3 Bd6 10. Bd3 0-0 11. 0-0 a6 12. Ne2 e5 13. dxe5 Nxe5 14. Qf5 h6 15. h4 Nxd3 16. cxd3 Rc8 17. Rac1 Qd7 18. Qxd7 Nxd7 19. d4 Nb6 20. Nf4 Bxf4 21. Bxf4 Nc4 22. Rc2 Rfe8 23. Rfc1 Rc6 24. b3 Na5 25. Rxc6 Nxc6 26. Be3 Re4 27. g3 Nxd4 28. Rc8+ Kh7 29. Rc7 b5 30. b4 Ne6 31. Rxf7 d4 32. Bd2 Re2 33. Bf4 Kg6 34. Ra7 Kf5 35. Rxa6 g5 36. hxg5 hxg5 37. Bb8 d3 38. Rd6 d2 39. Kg2 g4 40. Ba7 Ng5 41. Be3 Nf3 42. Bxd2 Rxd2 43. Rxd2 Nxd2 44. f4 gxf3+ 45. Kf2 Kg4 46. a4 bxa4 47. b5 Nc4 0-1

[Event "IRL-ch"]
[Site "Dublin"]
[Date "2015.07.07"]
[Round "4"]
[White "O'Neill, Paul Sean"]
[Black "Fitzsimons, David"]
[Result "0-1"]
[WhiteElo "1954"]
[BlackElo "2416"]
[PlyCount "62"]
[EventDate "2015.07.04"]
[EventType "swiss"]
[EventRounds "9"]
[EventCountry "IRL"]
[SourceTitle "CBM 167 Extra"]
[Source "ChessBase"]
[SourceDate "2015.09.14"]
[SourceVersion "1"]
[SourceVersionDate "2015.09.14"]
[SourceQuality "1"]

1. e4 c5 2. Nf3 d6 3. d4 cxd4 4. Nxd4 Nf6 5. Nc3 a6 6. Bc4 e6 7. Bb3 Nbd7 8. Bg5 Qa5 9. Qd2 Be7 10. 0-0-0 Nc5 11. Kb1 Bd7 12. f3 b5 13. Rhe1 b4 14. Nce2 Nfxe4 15. fxe4 Nxb3 16. Nxb3 Qxg5 17. Qxg5 Bxg5 18. Rxd6 Ke7 19. Red1 Bb5 20. Ng3 Bf4 21. Rb6 Ra7 22. Nd4 Rd7 23. Ndf5+ exf5 24. Nxf5+ Kd8 25. Rxd7+ Kxd7 26. Nxg7 Rg8 27. Rf6 Be5 28. Rxf7+ Kc8 29. Ne6 Rxg2 30. a3 Rg1+ 31. Ka2 Bc4+ 0-1

[Event "Lloyds Bank op 13th"]
[Site "London"]
[Date "1989.??.??"]
[Round "?"]
[White "O'Neill, Paul Sean"]
[Black "Kwiecien, Zbigniew"]
[Result "1-0"]
[WhiteElo "2320"]
[BlackElo "2320"]
[PlyCount "61"]
[EventDate "1989.08.??"]
[EventType "swiss"]
[EventRounds "10"]
[EventCountry "ENG"]
[SourceTitle "TD"]
[Source "ChessBase"]
[SourceDate "1994.03.01"]
[SourceVersion "1"]
[SourceVersionDate "1994.03.01"]
[SourceQuality "1"]

1. e4 c5 2. Nf3 Nc6 3. d4 cxd4 4. Nxd4 Nf6 5. Nc3 e5 6. Ndb5 d6 7. Bg5 a6 8. Bxf6 gxf6 9. Na3 b5 10. Nd5 f5 11. exf5 Bxf5 12. c3 Bg7 13. Qf3 Be6 14. Bd3 0-0 15. g4 Bxd5 16. Qxd5 Ne7 17. Qe4 f5 18. gxf5 d5 19. Qg2 e4 20. Be2 Kh8 21. Nc2 Nxf5 22. 0-0-0 Qd6 23. Kb1 Qe5 24. Rhg1 Bf6 25. Qh3 Rad8 26. f3 Bg7 27. Rg5 Qf4 28. Rh5 Ne3 29. Rxh7+ Kg8 30. Rg1 Nf5 31. Qh5 1-0